Countries More Populated Than California Quiz Stats

Quiz not verified by Sporcle

Challenge
Share
Tweet
Embed
Score 0/34 Timer 03:00
0 Plays Today
% Correct
United States of America
99.2%
Japan
98.7%
India
98.3%
China
98.3%
Russia
98.3%
Indonesia
97.9%
Germany
97.9%
Brazil
97.5%
Mexico
97.5%
France
97.1%
The Philippines
96.7%
United Kingdom
95.8%
Pakistan
95%
Bangladesh
94.6%
Egypt
94.6%
Nigeria
92.9%
Turkey
92.5%
% Correct
Vietnam
92.5%
Iran
92.1%
Thailand
91.6%
Democratic Republic of the Congo
91.6%
Ethiopia
90%
South Korea
88.3%
Italy
87.4%
South Africa
87%
Spain
86.6%
Colombia
82.4%
Argentina
76.6%
Kenya
63.6%
Myanmar
61.5%
Ukraine
56.5%
Poland
50.2%
Tanzania
44.8%
Algeria
34.3%

You're not logged in!

Compare scores with friends on all Sporcle quizzes.
Join for Free
OR
Log In

You Might Also Like...

Show Comments

Extras

Top Quizzes Today


Score Distribution

Your Account Isn't Verified!

In order to create a playlist on Sporcle, you need to verify the email address you used during registration. Go to your Sporcle Settings to finish the process.

Report this User

Report this user for behavior that violates our Community Guidelines.

Details: